Przypasuj miasta do województwa - Statystyki

Ogólne statystyki
  • Ten quiz został rozwiązany 146 razy
  • Średni wynik to 12 z 15
Statystyki odpowiedzi
Miasta Województwo % Poprawnych
Łódź Łódzkie
99%
Radom Mazowieckie
92%
Świnoujście Zachodniopomorskie
92%
Zabrze Śląskie
88%
Kielce Świętokrzyskie
88%
Suwałki Podlaskie
86%
Gliwice Śląskie
86%
Zamość Lubelskie
79%
Kalisz Wielkopolskie
79%
Wałbrzych Dolnośląskie
75%
Włocławek Kujawsko-pomorskie
75%
Krosno Podkarpackie
73%
Kłodzko Dolnośląskie
72%
Lębork Pomorskie
72%
Łomża Podlaskie
68%
Nie znaleziono quizów pasujących do podanych kryteriów
Rozkład punktacji
Procent ludzi z każdym wynikiem
Percentyl według liczby udzielonych odpowiedzi
Twoja historia wyników
Nie rozwiązałeś tego quizu